Васко да Гама. Путешествия в Индию (Запись № 1557501)

Подробности
000 -МАРКЕР
контрольное поле 02983nam0a2200445 4500
001 - ИДЕНТИФИКАТОР ЗАПИСИ
контрольное поле RU\NLR\bibl\1766704
005 - ИДЕНТИФИКАТОР ВЕРСИИ
контрольное поле 20260406061339.0
010 ## - МЕЖДУНАРОДНЫЙ СТАНДАРТНЫЙ НОМЕР КНИГИ (ISBN)
Номер (ISBN) 978-5-699-47704-3
Тираж 4000
021 ## - НОМЕР ГОСУДАРСТВЕННОЙ РЕГИСТРАЦИИ
Код страны Российская Федерация
Номер 2011-24099
Номер Листа государственной регистраци 190д/11
035 ## - ДРУГИЕ СИСТЕМНЫЕ НОМЕРА
Идентификатор записи (nilc)RSL-KNO-004943240
035 ## - ДРУГИЕ СИСТЕМНЫЕ НОМЕРА
Идентификатор записи (NLR Aleph) 001757499
100 ## - ДАННЫЕ ОБЩЕЙ ОБРАБОТКИ
Данные общей обработки 20110411d2011 |||y0rusy50 ca
101 1# - ЯЗЫК РЕСУРСА
Язык текста, звукозаписи и т.д. русский
Язык оригинала английский
102 ## - СТРАНА ПУБЛИКАЦИИ ИЛИ ПРОИЗВОДСТВА
Страна публикации Российская Федерация
105 ## - ПОЛЕ КОДИРОВАННЫХ ДАННЫХ: ТЕКСТОВЫЕ МАТЕРИАЛЫ, МОНОГРАФИЧЕСКИЕ
Кодированные данные о монографическом текстовом документе a |||||||||
200 1# - ЗАГЛАВИЕ И СВЕДЕНИЯ ОБ ОТВЕТСТВЕННОСТИ
Основное заглавие Васко да Гама. Путешествия в Индию
Сведения, относящиеся к заглавию [сборник
Первые сведения об ответственности пер. с англ. И. Летберга, Г. Голованова]
210 ## - ПУБЛИКАЦИЯ, РАСПРОСТРАНЕНИЕ И ДР.
Место издания, распространения и т.д. Москва
Имя издателя, распространителя и т. д. Эксмо
Дата издания, распространения и т.д. 2011
215 ## - ФИЗИЧЕСКАЯ ХАРАКТЕРИСТИКА
Специфическое обозначение материала и объем 475 с., [12] л. цв. ил., карт., портр., факс.
Другие сведения о физической характеристике ил., карт., портр., факс.
Размеры 26
225 1# - СЕРИЯ
Основное заглавие серии Великие путешествия
327 1# - ПРИМЕЧАНИЯ О СОДЕРЖАНИИ
Текст примечания Содерж.: "Roteiro". Дневник первого путешествия Васко да Гамы (1497-1499 гг.). Калкоен, или Голландская повесть о втором путешествии Васко да Гамы в Каликут в 1502 году. Васко да Гама / К.И. Кунин
464 #0 - АНАЛИТИЧЕСКИЙ УРОВЕНЬ
Встроенное поле 2001#$a"Roteiro". Дневник первого путешествия Васко да Гамы (1497-1499 гг.)
-- 5170#$aДневник первого путешествия Васко да Гамы (1497-1499 гг.)
Заглавие "Roteiro". Дневник первого путешествия Васко да Гамы (1497-1499 гг.)
464 #0 - АНАЛИТИЧЕСКИЙ УРОВЕНЬ
Встроенное поле 2001#$aКалкоен, или Голландская повесть о втором путешествии Васко да Гамы в Каликут в 1502 году
-- 5170#$aГолландская повесть о втором путешествии Васко да Гамы в Каликут в 1502 году
Заглавие Калкоен, или Голландская повесть о втором путешествии Васко да Гамы в Каликут в 1502 году
464 #0 - АНАЛИТИЧЕСКИЙ УРОВЕНЬ
Встроенное поле 2001#$aВаско да Гама$fК.И. Кунин
-- 700#1$aКунин$bК. И.$gКонстантин Ильич$4070
Заглавие Васко да Гама
Автор Кунин, Константин Ильич
517 0# - ДРУГИЕ ВАРИАНТЫ ЗАГЛАВИЯ
Вариант заглавия Путешествия в Индию
600 #1 - ИМЯ ЛИЦА КАК ПРЕДМЕТ
Начальный элемент ввода Васко да Гама
Даты 1469 - 1524
Тематический подзаголовок Путешествия
Системный номер авторитетной/нормативной записи 2080065
Идентификатор авторитетной/нормативной записи RU\NLR\auth\661255976
607 ## - ГЕОГРАФИЧЕСКОЕ НАИМЕНОВАНИЕ КАК ПРЕДМЕТ
Географическое наименование Индия
Тематический подзаголовок Открытие и исследования
-- История
Системный номер авторитетной/нормативной записи 1224268
Идентификатор авторитетной/нормативной записи RU\NLR\auth\66180271
686 ## - ИНДЕКСЫ ДРУГИХ КЛАССИФИКАЦИЙ
Индекс Д9(57Ид)023,0
Код системы
686 ## - ИНДЕКСЫ ДРУГИХ КЛАССИФИКАЦИЙ
Индекс Д8д(3)Гама В.,0
Код системы
686 ## - ИНДЕКСЫ ДРУГИХ КЛАССИФИКАЦИЙ
Индекс Д8д(3)Васко да Гама
686 ## - ИНДЕКСЫ ДРУГИХ КЛАССИФИКАЦИЙ
Индекс Д890(57Ид)023
702 #1 - ИМЯ ЛИЦА - ВТОРИЧНАЯ ОТВЕТСТВЕННОСТЬ
Начальный элемент ввода Летберг
Часть имени, кроме начального элемента ввода И.
Код отношения Переводчик
702 #0 - ИМЯ ЛИЦА - ВТОРИЧНАЯ ОТВЕТСТВЕННОСТЬ
Код отношения Прочие
Материалы, к которым относится поле rus
Графика поля Кириллица
Начальный элемент ввода Васко да Гама
Даты 1469-1524
Идентификатор авторитетной/нормативной записи RU\NLR\AUTH\7711584
Системный номер авторитетной/нормативной записи 121326
801 #0 - ИСТОЧНИК ЗАПИСИ
Страна Российская Федерация
Организация RuMoRKP
Дата составления 20110411
Правила каталогизации rcr
801 #1 - ИСТОЧНИК ЗАПИСИ
Страна Российская Федерация
Организация РГБ
Дата составления 20110411
801 #2 - ИСТОЧНИК ЗАПИСИ
Страна Российская Федерация
Организация NLR
Дата составления 20110506
Правила каталогизации rcr
942 ## - ДОПОЛНИТЕЛЬНЫЕ ЭЛЕМЕНТЫ ЗАПИСИ (АБИС)
Тип экземпляра АБИС Книга
980 ## - КОЛЛЕКЦИЯ
Название коллекции Национальная библиография
980 ## - КОЛЛЕКЦИЯ
Название коллекции НБР
Экземпляры
Тип экземпляра Дата поступления Источник поступления Библиотека постоянного хранения Библиотека текущего хранения Место хранения Шифр хранения Штрих-код Статус экземпляра
Книга 06.05.2011 Обязательный экземпляр РНБ (Московский) РНБ (Московский) Русский книжный фонд: издания с 1957 года 2011-7/2477 3412580  
Книга 06.05.2011 Обязательный экземпляр РНБ (Московский) РНБ (Московский) Русский книжный фонд: издания с 1957 года 2011-7/2477 3412582